[Event "Mogliano Veneto op-B 38th"]
[Site "Mogliano Veneto"]
[Date "2017.05.01"]
[Round "5.5"]
[White "Barbieri, Lorenzo"]
[Black "Battagin, Mose"]
[Result "1/2-1/2"]
[WhiteElo "1888"]
[BlackElo "1831"]
[PlyCount "91"]
[EventDate "2017.04.29"]
[EventType "swiss"]
[EventRounds "5"]
[EventCountry "ITA"]
[SourceTitle "EXT 2023"]
[Source "ChessBase"]
[SourceDate "2022.10.05"]
[SourceVersion "1"]
[SourceVersionDate "2022.10.05"]
[SourceQuality "1"]

1. d4 d6 2. c4 e5 3. Nc3 g6 4. Nf3 Bg7 5. Bg5 f6 6. Bh4 Nc6 7. Qd2 g5 8. Bg3 g4 9. d5 Nce7 10. Ng1 h5 11. f3 Bh6 12. Qc2 Be3 13. Nd1 Bc5 14. Bf2 Bxf2+ 15. Nxf2 f5 16. e3 Nf6 17. 0-0-0 Kf7 18. Bd3 c5 19. Ne2 gxf3 20. gxf3 h4 21. Nh3 Qf8 22. Ng5+ Ke8 23. Nc3 a6 24. Qb3 Qh6 25. f4 e4 26. Bc2 Nh7 27. Rhg1 Qf6 28. Qb6 Nxg5 29. Rxg5 Rg8 30. Rdg1 Rxg5 31. Rxg5 Kf7 32. Ba4 Ng6 33. Bd1 Ne5 34. Qc7+ Kf8 35. Bh5 Nf7 36. Rg6 Qh8 37. Rg1 Qxh5 38. Na4 Qe2 39. Rd1 Qxc4+ 40. Nc3 b5 41. Kb1 a5 42. Qc6 Rb8 43. Qc7 Ra8 44. Qc6 Rb8 45. Qc7 Ra8 46. Qc6 1/2-1/2

[Event "Mogliano Veneto op-B 38th"]
[Site "Mogliano Veneto"]
[Date "2017.04.30"]
[Round "2.8"]
[White "Paparella, Nicole Samantha"]
[Black "Barbieri, Lorenzo"]
[Result "1-0"]
[WhiteElo "1652"]
[BlackElo "1888"]
[PlyCount "75"]
[EventDate "2017.04.29"]
[EventType "swiss"]
[EventRounds "5"]
[EventCountry "ITA"]
[SourceTitle "EXT 2023"]
[Source "ChessBase"]
[SourceDate "2022.10.05"]
[SourceVersion "1"]
[SourceVersionDate "2022.10.05"]
[SourceQuality "1"]

1. e4 e5 2. Nf3 Nc6 3. Bc4 Bc5 4. Nc3 d6 5. h3 Nf6 6. d3 h6 7. Na4 Bb6 8. Nxb6 axb6 9. a3 0-0 10. 0-0 Re8 11. Nh2 d5 12. exd5 Nxd5 13. Re1 Be6 14. Bb5 Qd6 15. Nf3 Bd7 16. Bd2 f5 17. Bxc6 Bxc6 18. Re2 e4 19. dxe4 fxe4 20. Nd4 Bd7 21. c3 Qg6 22. Kh2 c5 23. Nc2 Bb5 24. Re1 Rf8 25. Be3 Rad8 26. Qc1 Bd3 27. a4 Rf7 28. Rd1 Rdf8 29. Ne1 Nxe3 30. Qxe3 Rxf2 31. Qg3 Qxg3+ 32. Kxg3 Rxb2 33. Nxd3 exd3 34. Rxd3 Rff2 35. Rg1 Rfd2 36. Rxd2 Rxd2 37. Rb1 Rd6 38. Kf4 1-0

[Event "Cipressina op-A 2nd"]
[Site "Venice"]
[Date "2013.11.30"]
[Round "3"]
[White "Renier, Renzo"]
[Black "Barbieri, Lorenzo"]
[Result "0-1"]
[WhiteElo "1982"]
[BlackElo "1812"]
[PlyCount "96"]
[EventDate "2013.11.29"]
[EventType "swiss"]
[EventRounds "5"]
[EventCountry "ITA"]
[SourceTitle "EXT 2015"]
[Source "ChessBase"]
[SourceDate "2014.11.20"]
[SourceVersion "1"]
[SourceVersionDate "2014.11.20"]
[SourceQuality "1"]

1. e4 c5 2. Nf3 e6 3. d4 cxd4 4. Nxd4 a6 5. a3 Nf6 6. Nc3 Qc7 7. Be2 b5 8. 0-0 Bb7 9. f3 d5 10. exd5 Nxd5 11. Nxd5 Bxd5 12. Re1 Bc5 13. Kh1 0-0 14. c3 Rd8 15. Bd2 Nc6 16. Nxc6 Qxc6 17. Qc2 Bb3 18. Qc1 Qd5 19. Be3 Bxe3 20. Qxe3 Qd2 21. Qe4 Qc2 22. Qxc2 Bxc2 23. Bd1 Rd2 24. Bxc2 Rxc2 25. a4 Rxb2 26. axb5 Rxb5 27. c4 Rc5 28. Ra4 a5 29. Kg1 Kf8 30. Kf2 Rac8 31. Rea1 Rxc4 32. Rxc4 Rxc4 33. Rxa5 Ke7 34. Ra6 Kf6 35. Rb6 h5 36. Rb2 g5 37. h3 h4 38. Ra2 Kf5 39. Rb2 Kf4 40. Ra2 f5 41. Rb2 e5 42. Ra2 e4 43. Re2 Rc3 44. fxe4 fxe4 45. Ra2 e3+ 46. Ke2 Kg3 47. Ra4 Rc2+ 48. Kf1 Rf2+ 0-1

[Event "Cipressina op-A 2nd"]
[Site "Venice"]
[Date "2013.11.29"]
[Round "1"]
[White "Negro, Roberto"]
[Black "Barbieri, Lorenzo"]
[Result "1-0"]
[WhiteElo "2172"]
[BlackElo "1812"]
[PlyCount "91"]
[EventDate "2013.11.29"]
[EventType "swiss"]
[EventRounds "5"]
[EventCountry "ITA"]
[SourceTitle "EXT 2015"]
[Source "ChessBase"]
[SourceDate "2014.11.20"]
[SourceVersion "1"]
[SourceVersionDate "2014.11.20"]
[SourceQuality "1"]

1. c4 c5 2. Nc3 Nf6 3. g3 g6 4. Bg2 Bg7 5. Nf3 0-0 6. d4 cxd4 7. Nxd4 d6 8. 0-0 Nbd7 9. b3 Nc5 10. Bb2 Rb8 11. Rc1 Bd7 12. Qd2 a6 13. Rfd1 Qe8 14. Ba1 Bc6 15. Nxc6 bxc6 16. Bb2 Qc8 17. Ba3 Nfd7 18. Bh3 Qc7 19. Qe3 Rfe8 20. b4 Nb7 21. b5 Nf6 22. b6 Qd8 23. c5 d5 24. Qf4 Nd7 25. Nxd5 cxd5 26. c6 e5 27. Qd2 Nxb6 28. c7 Qf6 29. cxb8Q Rxb8 30. Qc3 Bh6 31. Qc7 Qd8 32. Qxd8+ Nxd8 33. Rb1 d4 34. Bd6 Rb7 35. Bg2 Nc4 36. Bxb7 Nxd6 37. Bxa6 Kf8 38. a4 Ke7 39. a5 Nc6 40. Ra1 Kd7 41. Rdb1 Kc7 42. Bb5 Na7 43. Ba4 Bd2 44. a6 Bc3 45. Ra3 Nc4 46. Rb7+ 1-0

[Event "Mogliano Veneto op-B 34th"]
[Site "Mogliano Veneto"]
[Date "2013.04.28"]
[Round "6"]
[White "Barbieri, Lorenzo"]
[Black "Simonetto, Andrea"]
[Result "1-0"]
[WhiteElo "1807"]
[BlackElo "1637"]
[PlyCount "87"]
[EventDate "2013.04.25"]
[EventType "swiss"]
[EventRounds "6"]
[EventCountry "ITA"]
[SourceTitle "EXT 2015"]
[Source "ChessBase"]
[SourceDate "2014.11.20"]
[SourceVersion "1"]
[SourceVersionDate "2014.11.20"]
[SourceQuality "1"]

1. d4 d5 2. c4 e6 3. Nc3 Nf6 4. Bg5 Be7 5. e3 Nc6 6. Nf3 0-0 7. a3 a5 8. c5 b6 9. cxb6 cxb6 10. Rc1 Bb7 11. Bb5 Rc8 12. 0-0 h6 13. Bf4 Bd6 14. Ne2 Bxf4 15. Nxf4 Na7 16. Bd3 Rxc1 17. Qxc1 Qd6 18. Qb1 Rc8 19. Rc1 Rxc1+ 20. Qxc1 Qc6 21. Qxc6 Bxc6 22. Kf1 Kf8 23. Ne2 Bb5 24. Bxb5 Nxb5 25. Ne5 Ke7 26. f3 Nd7 27. Nd3 Nf6 28. Ke1 Nd7 29. Kd2 Kd6 30. Nc3 Nxc3 31. Kxc3 Kc6 32. a4 g6 33. e4 g5 34. g3 f6 35. h4 e5 36. hxg5 hxg5 37. dxe5 Nxe5 38. Nxe5+ fxe5 39. exd5+ Kxd5 40. Kd3 Kd6 41. Ke4 Ke6 42. g4 Kf6 43. Kd5 Ke7 44. Kxe5 1-0

[Event "Mogliano Veneto op-B 34th"]
[Site "Mogliano Veneto"]
[Date "2013.04.27"]
[Round "4"]
[White "Barbieri, Lorenzo"]
[Black "Pagan, Nicolo"]
[Result "1/2-1/2"]
[WhiteElo "1807"]
[BlackElo "1774"]
[PlyCount "48"]
[EventDate "2013.04.25"]
[EventType "swiss"]
[EventRounds "6"]
[EventCountry "ITA"]
[SourceTitle "EXT 2015"]
[Source "ChessBase"]
[SourceDate "2014.11.20"]
[SourceVersion "1"]
[SourceVersionDate "2014.11.20"]
[SourceQuality "1"]

1. c4 e5 2. Nc3 Nf6 3. g3 Bb4 4. d3 0-0 5. Bd2 Re8 6. Bg2 c6 7. Ne4 Bxd2+ 8. Nxd2 d5 9. cxd5 cxd5 10. e3 Nc6 11. Ne2 Qb6 12. Nb3 Bg4 13. 0-0 Rac8 14. h3 Be6 15. d4 exd4 16. Nexd4 Nxd4 17. exd4 Nd7 18. Qd2 Rc7 19. Rac1 Rec8 20. Rxc7 Rxc7 21. Rc1 Rc6 22. Rc3 Qc7 23. Qc1 Rxc3 24. Qxc3 Qc6 1/2-1/2

[Event "Noale Szabados Memorial-B 5th"]
[Site "Noale"]
[Date "2012.02.05"]
[Round "5"]
[White "Barbieri, Lorenzo"]
[Black "Desideri, Alessandro"]
[Result "1-0"]
[WhiteElo "1497"]
[BlackElo "1857"]
[PlyCount "79"]
[EventDate "2012.02.03"]
[EventType "swiss"]
[EventRounds "5"]
[EventCountry "ITA"]
[SourceTitle "EXT 2022"]
[Source "ChessBase"]
[SourceDate "2021.10.06"]
[SourceVersion "1"]
[SourceVersionDate "2021.10.06"]
[SourceQuality "1"]

1. d4 f5 2. Nc3 Nf6 3. g3 d5 4. Bg2 e6 5. Nf3 c6 6. 0-0 Bd6 7. a3 a5 8. Bd2 b6 9. e3 Ba6 10. Re1 Nbd7 11. Ne2 Qe7 12. Nf4 0-0 13. Rb1 Ne4 14. b4 axb4 15. axb4 Bb5 16. Bf1 Bxf1 17. Kxf1 Ndf6 18. h3 g5 19. Nd3 Nxd2+ 20. Qxd2 Ne4 21. Qd1 Nc3 22. Qd2 Nxb1 23. Rxb1 Rac8 24. Nde5 c5 25. bxc5 bxc5 26. Kg2 cxd4 27. exd4 f4 28. g4 Rc7 29. Qd3 Rfc8 30. Rb2 Rc3 31. Qd2 h6 32. h4 Kg7 33. h5 Qc7 34. Ne1 Bxe5 35. dxe5 Qxe5 36. Nd3 Qe4+ 37. Kh2 f3 38. Rb7+ R8c7 39. Qxc3+ e5 40. Qxc7+ 1-0

[Event "Noale Szabados Memorial-B 5th"]
[Site "Noale"]
[Date "2012.02.05"]
[Round "4"]
[White "Panican, Gheorghe"]
[Black "Barbieri, Lorenzo"]
[Result "1-0"]
[WhiteElo "2008"]
[BlackElo "1497"]
[PlyCount "71"]
[EventDate "2012.02.03"]
[EventType "swiss"]
[EventRounds "5"]
[EventCountry "ITA"]
[SourceTitle "EXT 2022"]
[Source "ChessBase"]
[SourceDate "2021.10.06"]
[SourceVersion "1"]
[SourceVersionDate "2021.10.06"]
[SourceQuality "1"]

1. Nf3 d5 2. e3 Nf6 3. b3 c5 4. Bb2 e6 5. Ne5 Nbd7 6. Bb5 a6 7. Bxd7+ Nxd7 8. 0-0 Bd6 9. f4 Bxe5 10. fxe5 Qg5 11. Qf3 0-0 12. Qf4 Qg6 13. d3 b6 14. Nd2 Bb7 15. Nf3 h6 16. Rf2 Qh7 17. Raf1 g5 18. Qg3 Qg6 19. h4 gxh4 20. Qxh4 Kh7 21. Nh2 d4 22. exd4 cxd4 23. Bxd4 Kh8 24. Ng4 h5 25. Nf6 Nxf6 26. Qxf6+ Qxf6 27. Rxf6 Rg8 28. R1f2 Rg4 29. Bxb6 h4 30. Be3 Rag8 31. Rh6+ Kg7 32. Rhf6 Kh8 33. Rxf7 Bxg2 34. R2f6 R8g7 35. Rf8+ Kh7 36. Rh6# 1-0

[Event "Mestre Ragazzini Memorial 2nd"]
[Site "Mestre"]
[Date "2011.05.21"]
[Round "2"]
[White "Loris, Stefano"]
[Black "Barbieri, Lorenzo"]
[Result "1/2-1/2"]
[WhiteElo "1681"]
[BlackElo "1440"]
[PlyCount "111"]
[EventDate "2011.05.20"]
[EventType "swiss"]
[EventRounds "5"]
[EventCountry "ITA"]
[SourceTitle "EXT 2022"]
[Source "ChessBase"]
[SourceDate "2021.10.06"]
[SourceVersion "1"]
[SourceVersionDate "2021.10.06"]
[SourceQuality "1"]

1. d4 d5 2. c4 c6 3. Nc3 e6 4. Nf3 Nf6 5. Bf4 Bd6 6. Bxd6 Qxd6 7. e3 0-0 8. Qc2 h6 9. Bd3 Nbd7 10. 0-0 e5 11. dxe5 Nxe5 12. Nxe5 Qxe5 13. Ne2 Be6 14. Nf4 Rfe8 15. h3 Rab8 16. cxd5 Bxd5 17. Nxd5 Nxd5 18. a3 Rbd8 19. Rfe1 Qg5 20. Qe2 Nf4 21. exf4 Rxe2 22. fxg5 Rxe1+ 23. Rxe1 Rxd3 24. gxh6 gxh6 25. Re2 c5 26. g3 c4 27. Rc2 b5 28. Kg2 Kf8 29. Re2 c3 30. bxc3 Rxc3 31. Ra2 Ke7 32. f3 Kd6 33. g4 a5 34. Kg3 b4 35. axb4 axb4 36. Ra6+ Rc6 37. Ra1 b3 38. Rb1 Rb6 39. Kf2 Kd5 40. Ke3 b2 41. f4 Kc4 42. h4 Kd5 43. Kd3 Rb5 44. g5 h5 45. f5 Ke5 46. g6 fxg6 47. fxg6 Kf6 48. g7 Kxg7 49. Kc2 Rb4 50. Rxb2 Rxb2+ 51. Kxb2 Kf6 52. Kc2 Kf5 53. Kd2 Kg4 54. Ke2 Kxh4 55. Kf2 Kh3 56. Kg1 1/2-1/2